000 02516cab a2200301 ab4500
005 20250516115621.0
008 991125c2019 sp tr p o 000 0 spa d
035 _aUPN01000232864
040 _aMX-MxUPN
_bspa
_cMX-MxUPN
_eaacr2
049 _aART-E
100 1 _aBarroso Osuna, Julio Manuel
100 1 _aMatos Alcántara, Vissy Yanet
100 1 _aAguilar Gavira, Sonia
245 1 0 _aAnálisis de los recursos, usos y competencias tecnológicas del profesorado universitario para comprender y mejorar el proceso de aprendizaje del alumnado
_h[recurso electrónico en línea]
506 0 _aAcceso abierto
520 3 _aLas Tecnologías de la Información y la Comunicación suponen una valiosa fuente de interacción, construcción y difusión del conocimiento para el alumnado, aunque para ello, debe producirse una conversión del papel docente, abandonándose como eje vertebrador de la información y el conocimiento y donde la adquisición de unas competencias pedagógicas adquiere igual o mayor importancia que la tecnológica. El presente artículo tiene como finalidad conocer las posibles barreras que dificultan el aprendizaje del alumnado a través de las TIC. Para ello, ofreceremos los resultados alcanzados en una investigación llevada a cabo en la Pontificia Universidad Católica Madre y Maestra, en la ciudad de Santo Domingo, donde se analizaron los recursos tecnológicos disponibles, uso que se hace de ellos, así como la actitud y formación del profesorado. Se trata de una investigación descriptiva, con una metodología mixta donde se combinan técnicas cualitativas y cuantitativas. Según los resultados alcanzados, la formación recibida por el profesorado es escasa y centrada básicamente en aspectos técnicos, lo que dificulta el uso de las mismas con su alumnado desde un punto de vista pedagógico. La escasa competencia percibida en el propio profesorado provoca desmotivación y poca iniciativa para incorporarla en el proceso de enseñanza-aprendizaje. RIE
650 2 _aRecursos educativos
_99810
650 4 _aTecnología educativa
_94978
650 4 _aProceso enseñanza-aprendizaje
_942
653 0 _aCompetencias digitales
653 0 _aCompetencias docentes
773 _gVol. 80, no. 1, esp. (2019), p. 193-217
_tRevista iberoamericana de educación
_x1681-5653
856 4 _uhttps://rieoei.org/RIE/article/view/3466/4037
856 4 _uhttps://doi.org/10.35362/rie8013466
902 _aLeonor Sotres/160525
905 _aArticulo
942 _cART-E
999 _c204959
_d204959